000 00333nam a2200133Ia 4500
005 20260328101526.0
008 260328s9999||||xx |||||||||||||| ||und||
100 _aRodgers, Paul
245 0 _aDiseño de Producto /
_cPaul Rodgers
260 _bPromopress
300 _a240 p.
650 _aDISEÑO INDUSTRIAL - ELEMENTOS
942 _cBK
999 _c9783
_d9783